[Event "4NCL Division 1b"]
[Site "Northampton, ENG"]
[Date "2017.02.12"]
[Round "6.51"]
[White "Pardo Simon, David"]
[Black "Sadler, Matthew D"]
[Result "0-1"]
[WhiteElo "2474"]
[BlackElo "2671"]
[PlyCount "80"]
[EventDate "2017.02.12"]
[WhiteTeam "Grantham Sharks 1"]
[BlackTeam "Guildford 1"]

1. d4 Nf6 2. c4 e6 3. Nc3 Bb4 4. e3 O-O 5. a3 Bxc3+ 6. bxc3 c5 7. Bd3 Nc6 8.
Ne2 b6 9. e4 Ne8 10. Be3 Ba6 11. Ng3 Na5 12. Qe2 Rc8 13. d5 Qh4 14. O-O Nd6 15.
f4 f5 16. Bf2 Qg4 17. Qc2 Bxc4 18. e5 Ne4 19. Bxc4 Nxc4 20. Qd3 Ned2 21. Rfd1
Qxf4 22. Ne2 Qxe5 23. dxe6 dxe6 24. Rxd2 Nxd2 25. Qxd2 Rcd8 26. Qc2 f4 27. Re1
f3 28. Ng3 Qd5 29. gxf3 Rxf3 30. Ne4 Rd3 31. c4 Qf5 32. Qa4 Rd1 33. Qc6 Qg4+
34. Kf1 h6 35. a4 Qh3+ 36. Kg1 Rxe1+ 37. Bxe1 Qe3+ 38. Bf2 Qc1+ 39. Kg2 Qxc4
40. Bh4 Qd5 0-1

[Event "4NCL Division 1b"]
[Site "Northampton, ENG"]
[Date "2017.02.12"]
[Round "6.52"]
[White "Jones, Gawain C B"]
[Black "Ghasi, Ameet K"]
[Result "1/2-1/2"]
[WhiteElo "2677"]
[BlackElo "2459"]
[PlyCount "130"]
[EventDate "2017.02.12"]
[WhiteTeam "Guildford 1"]
[BlackTeam "Grantham Sharks 1"]

1. e4 c6 2. d4 d5 3. e5 Bf5 4. h4 h5 5. Bd3 Bxd3 6. Qxd3 e6 7. Bg5 Qb6 8. Nd2
Qa6 9. c4 Bb4 10. b3 c5 11. Ngf3 Nc6 12. O-O Nge7 13. dxc5 O-O 14. a3 Bxd2 15.
Nxd2 Nxe5 16. Qe2 N7c6 17. Qxh5 f6 18. cxd5 exd5 19. Bf4 Qd3 20. Rae1 Rae8 21.
Bxe5 Rxe5 22. Qd1 Nd4 23. Nf3 Nxf3+ 24. Qxf3 Qxf3 25. gxf3 Kf7 26. Rd1 Rc8 27.
b4 b6 28. cxb6 axb6 29. Rd4 b5 30. Rfd1 Ke6 31. f4 Rf5 32. R1d3 Rc4 33. Kg2 Kd6
34. Kg3 g6 35. Rd2 Rc3+ 36. R4d3 Rc4 37. f3 Kc6 38. Re2 Kd7 39. Re4 Rc2 40. Re1
Rc4 41. Rde3 Rcxf4 42. Re7+ Kd8 43. Re8+ Kd7 44. R1e7+ Kd6 45. Re3 Rc4 46.
R8e6+ Kd7 47. Re7+ Kd8 48. Rg7 d4 49. Rd3 Rd5 50. Rxg6 Rc3 51. Rd2 Ke7 52. Rg7+
Ke6 53. Ra7 Rf5 54. Rf2 Rd5 55. Re2+ Re5 56. Kf2 Kd5 57. Rd2 Rf5 58. Rd7+ Ke6
59. R2xd4 Rfxf3+ 60. Ke2 Rce3+ 61. Kd2 Rxa3 62. R7d6+ Kf7 63. Rd3 Ra2+ 64. Kc3
Ra3+ 65. Kd2 Ra2+ 1/2-1/2

[Event "4NCL Division 1b"]
[Site "Northampton, ENG"]
[Date "2017.02.12"]
[Round "6.53"]
[White "Roberson, Peter T"]
[Black "Van Kampen, Robin"]
[Result "0-1"]
[WhiteElo "2398"]
[BlackElo "2644"]
[PlyCount "124"]
[EventDate "2017.02.12"]
[WhiteTeam "Grantham Sharks 1"]
[BlackTeam "Guildford 1"]

1. e4 c5 2. c3 d5 3. exd5 Qxd5 4. d4 Nf6 5. Nf3 e6 6. Na3 Nc6 7. Be3 cxd4 8.
Nb5 Qd8 9. Nbxd4 Nd5 10. Bg5 f6 11. Bd2 Nxd4 12. Nxd4 Bc5 13. Bb5+ Kf7 14. Bd3
Bxd4 15. cxd4 Bd7 16. O-O Qb6 17. Be3 Bb5 18. Re1 Bxd3 19. Qxd3 h5 20. Re2 Rac8
21. Rae1 Rc6 22. Bd2 g6 23. h3 Rd8 24. b3 Ne7 25. Be3 Nd5 26. Bd2 Qa6 27. Qb1
Ne7 28. Be3 Qb5 29. Rc2 Rxc2 30. Qxc2 Nc6 31. Qc1 Qf5 32. f3 Qd5 33. Bf2 Nxd4
34. Kh1 Nc6 35. Qh6 Rg8 36. Qh7+ Rg7 37. Qh8 Rg8 38. Qh7+ Rg7 39. Qh8 a6 40.
Be3 Rg8 41. Qh7+ Rg7 42. Qh8 Qd8 43. Qxd8 Nxd8 44. Kg1 g5 45. Kf2 Nc6 46. Rd1
Kg6 47. Rd6 Re7 48. Bc5 Ne5 49. Ke3 Kf7 50. Rd8 Rd7 51. Rf8+ Kg7 52. Rc8 h4 53.
f4 gxf4+ 54. Kxf4 Rd2 55. Rc7+ Kg6 56. Bf8 Nf7 57. Rxb7 Rxg2 58. Rb6 Ng5 59.
Rxa6 Rg3 60. Bd6 Rf3+ 61. Kg4 f5+ 62. Kxh4 Rxh3# 0-1

[Event "4NCL Division 1b"]
[Site "Northampton, ENG"]
[Date "2017.02.12"]
[Round "6.54"]
[White "Edouard, Romain"]
[Black "Daskalov, Dimitar"]
[Result "1-0"]
[WhiteElo "2616"]
[BlackElo "2329"]
[PlyCount "75"]
[EventDate "2017.02.12"]
[WhiteTeam "Guildford 1"]
[BlackTeam "Grantham Sharks 1"]

1. d4 d5 2. c4 e6 3. Nf3 c6 4. Qc2 Nf6 5. Bg5 Qa5+ 6. Bd2 Qc7 7. e3 Bd6 8. Nc3
Nbd7 9. Rc1 a6 10. cxd5 exd5 11. Bd3 Qd8 12. h3 O-O 13. O-O Re8 14. Rfe1 h6 15.
a3 a5 16. Rb1 Qe7 17. e4 dxe4 18. Nxe4 Nxe4 19. Rxe4 Qf8 20. Rxe8 Qxe8 21. Re1
Qf8 22. Bc4 Nb6 23. Ba2 Nd5 24. Ne5 Be6 25. Bb1 g6 26. Nxg6 Qg7 27. Nh4 Bxh3
28. Kf1 Bd7 29. Nf5 Bxf5 30. Qxf5 Bf8 31. Re4 Ne7 32. Qd7 f5 33. Re3 Qf6 34.
Rg3+ Bg7 35. Ba2+ Kh7 36. Qxb7 Rd8 37. Bxa5 Re8 38. Qd7 1-0

[Event "4NCL Division 1b"]
[Site "Northampton, ENG"]
[Date "2017.02.12"]
[Round "6.55"]
[White "Rendle, Thomas E"]
[Black "Zhou, Yang-Fan"]
[Result "0-1"]
[WhiteElo "2359"]
[BlackElo "2500"]
[PlyCount "44"]
[EventDate "2017.02.12"]
[WhiteTeam "Grantham Sharks 1"]
[BlackTeam "Guildford 1"]

1. e4 c5 2. Nf3 e6 3. g3 Nc6 4. Bg2 Nf6 5. Qe2 e5 6. O-O Be7 7. c3 O-O 8. d4
cxd4 9. cxd4 exd4 10. Rd1 Bc5 11. e5 Ng4 12. Ng5 d6 13. e6 Nce5 14. exf7+ Kh8
15. Ne4 d3 16. Qe1 Nxf2 17. Nxc5 Nxd1 18. Na4 Bg4 19. Bf4 b5 20. Bxa8 Qxa8 21.
Bxe5 Bh3 22. Qd2 Qf3 0-1

[Event "4NCL Division 1b"]
[Site "Northampton, ENG"]
[Date "2017.02.12"]
[Round "6.56"]
[White "Pert, Nicholas"]
[Black "Batchelor, Peter J"]
[Result "1-0"]
[WhiteElo "2566"]
[BlackElo "2327"]
[PlyCount "49"]
[EventDate "2017.02.12"]
[WhiteTeam "Guildford 1"]
[BlackTeam "Grantham Sharks 1"]

1. d4 Nf6 2. Nf3 d5 3. c4 e6 4. Nc3 Be7 5. Bf4 O-O 6. e3 Nbd7 7. Be2 dxc4 8.
O-O Nd5 9. Bxc4 Nxf4 10. exf4 Nb6 11. Bd3 Nd5 12. g3 Nxc3 13. bxc3 c5 14. Qe2
g6 15. Rad1 Qc7 16. h4 b6 17. dxc5 Bb7 18. Ne5 Bxc5 19. h5 f6 20. Bb5 fxe5 21.
Rd7 Qb8 22. hxg6 hxg6 23. Qg4 Rf6 24. Qh3 Rf7 25. Qxe6 1-0

[Event "4NCL Division 1b"]
[Site "Northampton, ENG"]
[Date "2017.02.12"]
[Round "6.57"]
[White "Purton, Ben J"]
[Black "Hebden, Mark L"]
[Result "0-1"]
[WhiteElo "2103"]
[BlackElo "2486"]
[PlyCount "60"]
[EventDate "2017.02.12"]
[WhiteTeam "Grantham Sharks 1"]
[BlackTeam "Guildford 1"]

1. e4 e5 2. Nf3 Nc6 3. d4 exd4 4. Nxd4 Nf6 5. Nxc6 bxc6 6. Qe2 Bb4+ 7. c3 Bc5
8. Be3 Qe7 9. Nd2 O-O 10. Bg5 h6 11. Bh4 Re8 12. O-O-O Qe6 13. Bxf6 Qxf6 14. f3
a5 15. Nb3 Bb6 16. a4 d5 17. Qc2 dxe4 18. fxe4 Bg4 19. Re1 Bf2 20. Bc4 Bxe1 21.
Rxe1 Be6 22. Bxe6 Rxe6 23. Nd4 Ree8 24. Nf3 Rad8 25. e5 Qf4+ 26. Kb1 Qc4 27.
Nd4 c5 28. b3 Qd5 29. Nf3 c4 30. Ka2 Rb8 0-1

[Event "4NCL Division 1b"]
[Site "Northampton, ENG"]
[Date "2017.02.12"]
[Round "6.58"]
[White "Milliet, Sophie"]
[Black "Jasinska, Iga"]
[Result "1-0"]
[WhiteElo "2374"]
[BlackElo "1217"]
[PlyCount "35"]
[EventDate "2017.02.12"]
[WhiteTeam "Guildford 1"]
[BlackTeam "Grantham Sharks 1"]

1. e4 g6 2. d4 Bg7 3. Nc3 d6 4. Be3 Nf6 5. Qd2 O-O 6. Bh6 e5 7. Bxg7 exd4 8.
Bxf6 Qxf6 9. Nd5 Qe5 10. O-O-O c6 11. Nf3 Qxe4 12. Nf6+ Kg7 13. Nxe4 Re8 14.
Qxd4+ Kf8 15. Qh8+ Ke7 16. Qf6+ Kf8 17. Nxd6 Re6 18. Qxf7# 1-0

[Event "4NCL Division 1b"]
[Site "Northampton, ENG"]
[Date "2017.02.12"]
[Round "6.71"]
[White "Mueller, Constantin"]
[Black "Adair, James R"]
[Result "1/2-1/2"]
[WhiteElo "2272"]
[BlackElo "2479"]
[PlyCount "61"]
[EventDate "2017.02.12"]
[WhiteTeam "North East England"]
[BlackTeam "White Rose 1"]

1. d4 Nf6 2. c4 e6 3. g3 d5 4. Bg2 Bb4+ 5. Bd2 Be7 6. Nf3 O-O 7. O-O c6 8. Qc2
b6 9. Rd1 Nbd7 10. Bf4 Ba6 11. Ne5 Rc8 12. cxd5 Nxd5 13. Nxc6 Nb4 14. Qa4 Nxc6
15. Bxc6 Bxe2 16. Rc1 Nb8 17. Bxb8 Rxb8 18. Nc3 Bh5 19. d5 Bf6 20. Re1 Bxc3 21.
bxc3 exd5 22. Qd4 Bf3 23. c4 Rc8 24. Bxd5 Rc5 25. Re5 Qd7 26. Qd3 Bxd5 27. Rxd5
Qc8 28. Rd7 Rc7 29. Rd1 g6 30. h4 h5 31. Qd5 1/2-1/2

[Event "4NCL Division 1b"]
[Site "Northampton, ENG"]
[Date "2017.02.12"]
[Round "6.72"]
[White "Wells, Peter K"]
[Black "Coathup, Roger H"]
[Result "1-0"]
[WhiteElo "2428"]
[BlackElo "2158"]
[PlyCount "63"]
[EventDate "2017.02.12"]
[WhiteTeam "White Rose 1"]
[BlackTeam "North East England"]

1. d4 Nf6 2. Bg5 e6 3. e4 h6 4. Bxf6 Qxf6 5. c3 d5 6. Nd2 c5 7. Ngf3 Qd8 8.
exd5 exd5 9. Bb5+ Nc6 10. O-O Be7 11. dxc5 O-O 12. Nb3 a6 13. Bd3 a5 14. a4 Qc7
15. Bc2 Rd8 16. Re1 Bf6 17. Qxd5 Be6 18. Qe4 g6 19. Rad1 Ne7 20. Nfd4 Bd5 21.
Qe2 Kg7 22. g3 Qc8 23. Be4 Bxd4 24. Nxd4 Qxc5 25. Bxd5 Nxd5 26. Qe5+ Kg8 27. h4
Rd7 28. Nf3 Rad8 29. Rd4 Qc6 30. h5 g5 31. Qf5 Qf6 32. Rxd5 1-0

[Event "4NCL Division 1b"]
[Site "Northampton, ENG"]
[Date "2017.02.12"]
[Round "6.73"]
[White "Moreby, James"]
[Black "Van de Griendt, Jan Willem"]
[Result "0-1"]
[WhiteElo "2123"]
[BlackElo "2365"]
[PlyCount "98"]
[EventDate "2017.02.12"]
[WhiteTeam "North East England"]
[BlackTeam "White Rose 1"]

1. c4 Nf6 2. Nc3 c5 3. Nf3 e6 4. g3 b6 5. Bg2 Bb7 6. O-O d6 7. Re1 a6 8. e4 Qc7
9. b3 Be7 10. Bb2 O-O 11. d4 cxd4 12. Nxd4 Re8 13. Rc1 Nbd7 14. f4 Nf8 15. Qd2
Rac8 16. Rc2 Qb8 17. Bc1 Rcd8 18. Qe2 d5 19. cxd5 exd5 20. e5 Bc5 21. Be3 N6d7
22. Bh3 Bb4 23. Rec1 Ba3 24. Rd1 Rc8 25. Qg4 Rc7 26. Nf5 Ng6 27. Bd4 Ndf8 28.
Nd6 Bxd6 29. exd6 Rd7 30. f5 Ne5 31. Bxe5 Rxe5 32. f6 Ne6 33. Ne2 h5 34. Qh4
Qxd6 35. Nf4 g5 36. Qxh5 gxf4 37. Bf5 Rxf5 38. Qxf5 d4 39. Qg4+ Kf8 40. Qh4 Ke8
41. gxf4 d3 42. Rf2 Rd8 43. Qg3 Qd5 44. Rfd2 Qd4+ 45. Rf2 Qd5 46. Rfd2 Qc5+ 47.
Rf2 Be4 48. Qg4 Bf5 49. Qf3 Qd4 0-1

[Event "4NCL Division 1b"]
[Site "Northampton, ENG"]
[Date "2017.02.12"]
[Round "6.74"]
[White "McNab, Colin A"]
[Black "Dargan, Paul A G"]
[Result "1-0"]
[WhiteElo "2437"]
[BlackElo "2177"]
[PlyCount "45"]
[EventDate "2017.02.12"]
[WhiteTeam "White Rose 1"]
[BlackTeam "North East England"]

1. Nf3 c5 2. c4 Nc6 3. g3 g6 4. Bg2 Bg7 5. Nc3 e6 6. d4 cxd4 7. Nb5 d5 8. cxd5
exd5 9. O-O Nge7 10. Nbxd4 O-O 11. Be3 Re8 12. Re1 Bg4 13. Rc1 Qa5 14. Qb3 Bxf3
15. Nxf3 d4 16. Bf4 Qa6 17. Ng5 Rf8 18. Ne4 Qb6 19. Nc5 Na5 20. Qa3 Rad8 21.
Na4 Qe6 22. Bc7 Nc4 23. Rxc4 1-0

[Event "4NCL Division 1b"]
[Site "Northampton, ENG"]
[Date "2017.02.12"]
[Round "6.75"]
[White "Dalton, Joseph"]
[Black "Gourlay, Iain"]
[Result "1/2-1/2"]
[WhiteElo "2140"]
[BlackElo "2393"]
[PlyCount "77"]
[EventDate "2017.02.12"]
[WhiteTeam "North East England"]
[BlackTeam "White Rose 1"]

1. d4 d5 2. Nf3 Nf6 3. e3 c5 4. b3 Bg4 5. Be2 Nc6 6. Bb2 e6 7. Nbd2 cxd4 8.
exd4 Be7 9. O-O O-O 10. Ne5 Bf5 11. Ndf3 Rc8 12. c4 dxc4 13. bxc4 Nxe5 14. Nxe5
Nd7 15. f4 Qc7 16. Qb3 Rfd8 17. Rad1 Nb6 18. g4 Be4 19. Qe3 Bc2 20. Rc1 Ba4 21.
Bd3 Nd7 22. Qh3 Nf8 23. f5 Bf6 24. fxe6 fxe6 25. Rce1 Qb6 26. Rf2 Rxd4 27. Bxd4
Qxd4 28. Qg3 Rc5 29. Bxh7+ Nxh7 30. Ng6 Qxc4 31. Qb8+ Rc8 32. Qf4 Qxf4 33. Rxf4
Bc2 34. Rxf6 Bxg6 35. Rxg6 Nf8 36. Rg5 Rc2 37. Ra5 a6 38. Rb1 Rc7 39. h3
1/2-1/2

[Event "4NCL Division 1b"]
[Site "Northampton, ENG"]
[Date "2017.02.12"]
[Round "6.76"]
[White "Palliser, Richard J D"]
[Black "Henderson, David"]
[Result "1-0"]
[WhiteElo "2414"]
[BlackElo "2088"]
[PlyCount "77"]
[EventDate "2017.02.12"]
[WhiteTeam "White Rose 1"]
[BlackTeam "North East England"]

1. d4 d5 2. Bf4 Nf6 3. e3 c5 4. c3 Nc6 5. Nd2 Bf5 6. Qb3 Qb6 7. dxc5 Qxb3 8.
axb3 e5 9. Bg3 Bxc5 10. Ngf3 Nd7 11. b4 Bd6 12. Bb5 Ke7 13. O-O f6 14. Nh4 Be6
15. f4 a6 16. Bxc6 bxc6 17. Nb3 Rhc8 18. Nf3 d4 19. fxe5 fxe5 20. Nbd2 dxe3 21.
Ne4 Bd5 22. Nxd6 Kxd6 23. Rfe1 c5 24. bxc5+ Rxc5 25. Rxe3 Bb7 26. b4 Rb5 27.
Nd4 Rd5 28. Nf3 Rc8 29. Rae1 g6 30. Nxe5 Nxe5 31. Bxe5+ Kc6 32. c4 Rd7 33. Bg3
Kb6 34. Bf2 Kc7 35. b5 Rcd8 36. Re6 Kc8 37. bxa6 Ba8 38. Bb6 Rf8 39. Re8+ 1-0

[Event "4NCL Division 1b"]
[Site "Northampton, ENG"]
[Date "2017.02.12"]
[Round "6.77"]
[White "Robson, Paul E"]
[Black "Gantner, Matthias"]
[Result "0-1"]
[WhiteElo "1907"]
[BlackElo "2296"]
[PlyCount "76"]
[EventDate "2017.02.12"]
[WhiteTeam "North East England"]
[BlackTeam "White Rose 1"]

1. c4 f5 2. g3 Nf6 3. Bg2 g6 4. Nc3 Bg7 5. d4 O-O 6. Nf3 d6 7. O-O c6 8. Re1
Ne4 9. Qc2 Nxc3 10. bxc3 e5 11. d5 cxd5 12. cxd5 Na6 13. Nd2 Nc5 14. Nb3 Na4
15. e4 Qc7 16. Bd2 f4 17. gxf4 exf4 18. Nd4 Bxd4 19. Qxa4 Bb6 20. Qb5 Bd7 21.
Qe2 Rae8 22. Kh1 Qc5 23. f3 Bb5 24. Qd1 Bc4 25. Qa4 Re5 26. Qb4 Qc7 27. Bf1
Bxf1 28. Rxf1 Qd7 29. Rac1 Rh5 30. Qc4 g5 31. Qe2 Rf6 32. Rc2 Rfh6 33. Bc1 Rh3
34. Qg2 Rg3 35. Qe2 Qh3 36. Bb2 g4 37. fxg4 f3 38. Qd2 Qxf1# 0-1

[Event "4NCL Division 1b"]
[Site "Northampton, ENG"]
[Date "2017.02.12"]
[Round "6.78"]
[White "Maroroa, Sue"]
[Black "Chan, Wei Yi Victoria"]
[Result "1-0"]
[WhiteElo "2320"]
[BlackElo "1897"]
[PlyCount "77"]
[EventDate "2017.02.12"]
[WhiteTeam "White Rose 1"]
[BlackTeam "North East England"]

1. e4 c5 2. Nf3 d6 3. Bb5+ Bd7 4. Bxd7+ Qxd7 5. O-O Nc6 6. Qe2 Nf6 7. Rd1 g6 8.
c3 Bg7 9. d4 cxd4 10. cxd4 O-O 11. Nc3 Qc8 12. Bg5 h6 13. Bh4 g5 14. Bg3 Nh5
15. Rac1 Nxg3 16. hxg3 Qd7 17. d5 Ne5 18. Nd4 Rac8 19. Nf5 Kh7 20. Nb5 a6 21.
Nbd4 e6 22. Nxg7 Kxg7 23. f4 Ng6 24. f5 e5 25. Qg4 Rxc1 26. Rxc1 Qd8 27. f6+
Kh7 28. Nf5 Qxf6 29. Rc7 Nh8 30. Rxb7 Rg8 31. Rb6 Rd8 32. Rxa6 Ng6 33. Ra7 Nf8
34. Qh5 Rd7 35. Ra8 Qg6 36. Qh3 g4 37. Qh4 Ne6 38. dxe6 fxe6 39. Nxh6 1-0

[Event "4NCL Division 1b"]
[Site "Northampton, ENG"]
[Date "2017.02.12"]
[Round "6.81"]
[White "Buchicchio, Giampaolo"]
[Black "Taylor, Adam C"]
[Result "1/2-1/2"]
[WhiteElo "2250"]
[BlackElo "2260"]
[PlyCount "85"]
[EventDate "2017.02.12"]
[WhiteTeam "Barbican 4NCL 2"]
[BlackTeam "Anglian Avengers 1"]

1. e4 e6 2. d4 d5 3. Nc3 dxe4 4. Nxe4 Bd7 5. Nf3 Bc6 6. Bd3 Nd7 7. O-O Ngf6 8.
Ng3 Be7 9. b3 Bxf3 10. Qxf3 c6 11. c4 Qa5 12. Be3 O-O 13. Bc2 Rfe8 14. Rfd1 Nf8
15. a3 Ng6 16. b4 Qc7 17. Ne4 a5 18. Rab1 axb4 19. axb4 Nxe4 20. Bxe4 Ra4 21.
Bd2 Bf6 22. Qb3 Rea8 23. Bc1 Be7 24. Qc3 Qb6 25. Bc2 R4a7 26. b5 cxb5 27. Rxb5
Qc6 28. Qb3 Rc8 29. Bd3 Ra1 30. Rb6 Qe8 31. Rxb7 Bf6 32. Be3 Rxd1+ 33. Qxd1 Qc6
34. Qf3 Qxf3 35. gxf3 Rd8 36. c5 Bxd4 37. Bxd4 Rxd4 38. Rb8+ Nf8 39. Bxh7+ Kxh7
40. Rxf8 Rc4 41. Rc8 Rc1+ 42. Kg2 Kg6 43. c6 1/2-1/2

[Event "4NCL Division 1b"]
[Site "Northampton, ENG"]
[Date "2017.02.12"]
[Round "6.82"]
[White "Player, Edmund C"]
[Black "Jackson, James P"]
[Result "1/2-1/2"]
[WhiteElo "2237"]
[BlackElo "2272"]
[PlyCount "104"]
[EventDate "2017.02.12"]
[WhiteTeam "Anglian Avengers 1"]
[BlackTeam "Barbican 4NCL 2"]

1. e4 c5 2. Nf3 Nc6 3. Bb5 g6 4. Bxc6 bxc6 5. O-O Bg7 6. Re1 Nh6 7. d3 O-O 8.
c3 d5 9. Be3 c4 10. dxc4 dxe4 11. Qxd8 Rxd8 12. Nd4 Bb7 13. Nd2 e5 14. N4b3 f5
15. Rad1 Ng4 16. Bg5 Rd7 17. Nc5 Rf7 18. Ndb3 h6 19. Bd8 Bc8 20. Rd6 e3 21. f3
Nf6 22. Rxe3 e4 23. Bxf6 Rxf6 24. Rd8+ Rf8 25. Rxf8+ Bxf8 26. fxe4 a5 27. Na4
f4 28. Rf3 g5 29. Nb6 Rb8 30. Nxc8 a4 31. Nd4 Rxc8 32. h4 Re8 33. Nxc6 Rxe4 34.
hxg5 hxg5 35. Nd4 Bc5 36. b4 axb3 37. axb3 Bxd4+ 38. cxd4 Rxd4 39. g3 Kf7 40.
Kg2 Ke6 41. gxf4 gxf4 42. Kh3 Ke5 43. Rc3 Ke4 44. c5 Rd3+ 45. Rxd3 Kxd3 46. Kg4
Ke3 47. c6 f3 48. c7 f2 49. c8=Q f1=Q 50. Qc5+ Ke4 51. b4 Qf4+ 52. Kh5 Qf5+
1/2-1/2

[Event "4NCL Division 1b"]
[Site "Northampton, ENG"]
[Date "2017.02.12"]
[Round "6.83"]
[White "Rogers, Jonathan W"]
[Black "Lewis, Andrew P"]
[Result "1-0"]
[WhiteElo "2308"]
[BlackElo "2277"]
[PlyCount "71"]
[EventDate "2017.02.12"]
[WhiteTeam "Barbican 4NCL 2"]
[BlackTeam "Anglian Avengers 1"]

1. e4 c5 2. Nf3 Nc6 3. d4 cxd4 4. Nxd4 Nf6 5. Nc3 d6 6. Nxc6 bxc6 7. Bd3 g6 8.
O-O Bg7 9. f4 O-O 10. Qf3 Rb8 11. b3 e5 12. Bb2 exf4 13. Qxf4 Ng4 14. Na4 Ne5
15. Rad1 Qe7 16. Qg3 Be6 17. Bc1 h6 18. Nb2 Kh7 19. Be2 Rb4 20. c4 Rb6 21. c5
dxc5 22. Bf4 Bxb3 23. axb3 g5 24. Bc1 Rfb8 25. Bc4 Nxc4 26. Nxc4 Rxb3 27. Rd3
Bd4+ 28. Kh1 Rb1 29. Rdf3 Kg6 30. e5 R8b4 31. Rf6+ Kg7 32. Qf3 Rb7 33. Nd6 Qxe5
34. Rxf7+ Rxf7 35. Qxf7+ Kh8 36. Qg6 1-0

[Event "4NCL Division 1b"]
[Site "Northampton, ENG"]
[Date "2017.02.12"]
[Round "6.84"]
[White "Mayhew, Andrew"]
[Black "O'Toole, George E"]
[Result "0-1"]
[WhiteElo "2215"]
[BlackElo "2265"]
[PlyCount "54"]
[EventDate "2017.02.12"]
[WhiteTeam "Anglian Avengers 1"]
[BlackTeam "Barbican 4NCL 2"]

1. e4 e5 2. Nf3 Nc6 3. Bb5 a6 4. Ba4 Nf6 5. d3 d6 6. c3 Be7 7. O-O O-O 8. Nbd2
b5 9. Bc2 Re8 10. Re1 Bf8 11. h3 Bb7 12. Nf1 h6 13. N3h2 Ne7 14. Ng3 c5 15. d4
cxd4 16. cxd4 Nc6 17. d5 Nb4 18. Bb1 a5 19. Be3 Na6 20. Bd3 b4 21. Bb5 Re7 22.
Qf3 Nc5 23. Bxc5 dxc5 24. Nf5 Rc7 25. Qg3 g6 26. Nh4 Bg7 27. N4f3 Nh5 0-1

[Event "4NCL Division 1b"]
[Site "Northampton, ENG"]
[Date "2017.02.12"]
[Round "6.85"]
[White "Goldie, Thomas"]
[Black "Oyama, Akito"]
[Result "1/2-1/2"]
[WhiteElo "2124"]
[BlackElo "2275"]
[PlyCount "124"]
[EventDate "2017.02.12"]
[WhiteTeam "Barbican 4NCL 2"]
[BlackTeam "Anglian Avengers 1"]

1. e4 c5 2. Nf3 Nc6 3. d4 cxd4 4. Nxd4 e5 5. Nb5 d6 6. c4 Be7 7. N1c3 a6 8. Na3
f5 9. exf5 Bxf5 10. Bd3 Be6 11. Be3 Nf6 12. h3 O-O 13. Nc2 b5 14. b3 bxc4 15.
bxc4 Rc8 16. g4 g6 17. O-O Na5 18. Bh6 Rf7 19. Ne3 Nxc4 20. Bxc4 Bxc4 21. Nxc4
Rxc4 22. Nd5 Nxd5 23. Qxd5 Rd4 24. Qc6 Bg5 25. Bxg5 Qxg5 26. Rad1 Rxd1 27. Rxd1
Qf4 28. Rf1 e4 29. Qxa6 Kg7 30. Qe2 Qe5 31. Rd1 d5 32. Qe3 h5 33. Qd4 Qxd4 34.
Rxd4 Rd7 35. g5 Kf7 36. f3 exf3 37. Kf2 Ke6 38. Kxf3 Rc7 39. Ra4 Ke5 40. h4
Rc3+ 41. Ke2 Rh3 42. Ra6 Rxh4 43. Rxg6 Rh2+ 44. Kd3 Rxa2 45. Rh6 Rh2 46. g6
Rh3+ 47. Ke2 Ke4 48. g7 Rg3 49. Rxh5 Rg2+ 50. Kd1 Rxg7 51. Rh4+ Kd3 52. Rh3+
Kc4 53. Kd2 Rg2+ 54. Kd1 Rg4 55. Kd2 d4 56. Kd1 Rg1+ 57. Kd2 Ra1 58. Rg3 Ra2+
59. Kd1 Rb2 60. Rh3 Rg2 61. Rf3 d3 62. Rf8 Kc3 1/2-1/2

[Event "4NCL Division 1b"]
[Site "Northampton, ENG"]
[Date "2017.02.12"]
[Round "6.86"]
[White "Gallagher, Daniel GH"]
[Black "Stewart, Ashley"]
[Result "1-0"]
[WhiteElo "2230"]
[BlackElo "2120"]
[PlyCount "69"]
[EventDate "2017.02.12"]
[WhiteTeam "Anglian Avengers 1"]
[BlackTeam "Barbican 4NCL 2"]

1. Nf3 c5 2. e4 g6 3. d4 cxd4 4. Nxd4 Nc6 5. c4 Nf6 6. Nc3 Nxd4 7. Qxd4 d6 8.
Be2 Bg7 9. Be3 O-O 10. Qd2 a5 11. Rd1 Be6 12. O-O a4 13. f4 Qa5 14. Bd4 Rfc8
15. b3 axb3 16. axb3 b5 17. f5 b4 18. fxe6 bxc3 19. exf7+ Kxf7 20. Bxc3 Qb6+
21. Kh1 Kg8 22. b4 Ra3 23. Bd4 Qc6 24. e5 Ne4 25. Qb2 Qa4 26. Bg4 Ra2 27. Ra1
Ra8 28. Be6+ Kh8 29. Rxa2 Qxa2 30. Bd5 Qxb2 31. Bxb2 Rb8 32. Bxe4 Rxb4 33. exd6
Rxb2 34. dxe7 Rb8 35. Bc6 1-0

[Event "4NCL Division 1b"]
[Site "Northampton, ENG"]
[Date "2017.02.12"]
[Round "6.87"]
[White "Moss, Guy"]
[Black "Tozer, Philip A A"]
[Result "1-0"]
[WhiteElo "2082"]
[BlackElo "2164"]
[PlyCount "87"]
[EventDate "2017.02.12"]
[WhiteTeam "Barbican 4NCL 2"]
[BlackTeam "Anglian Avengers 1"]

1. e4 e6 2. d4 d5 3. e5 c5 4. c3 Nc6 5. Nf3 Bd7 6. a3 f6 7. Bd3 Qc7 8. O-O
O-O-O 9. Bf4 h6 10. Bg3 f5 11. h4 Be8 12. c4 Bh5 13. cxd5 Rxd5 14. Bc4 Nxd4 15.
Bxd5 exd5 16. Nc3 Ne7 17. Qa4 Bxf3 18. gxf3 g5 19. Rfd1 Nec6 20. Nb5 Nxb5 21.
Qxb5 f4 22. Bh2 Be7 23. Qd3 Qxe5 24. Qxd5 Qxd5 25. Rxd5 Nd4 26. Kg2 Rd8 27.
Rxd8+ Kxd8 28. Rd1 Kc7 29. Rd3 Bf6 30. Kh3 Kc6 31. Kg4 c4 32. Rd1 Nb3 33. Kf5
Bxb2 34. hxg5 hxg5 35. Kxg5 Be5 36. Bxf4 Bxf4+ 37. Kxf4 Kc5 38. Ke3 b5 39. f4
a5 40. f5 c3 41. Kd3 Nd4 42. f6 b4 43. axb4+ axb4 44. f7 1-0

[Event "4NCL Division 1b"]
[Site "Northampton, ENG"]
[Date "2017.02.12"]
[Round "6.88"]
[White "York-Andersen, Anna"]
[Black "Regan, Natasha K"]
[Result "0-1"]
[WhiteElo "1774"]
[BlackElo "1995"]
[PlyCount "144"]
[EventDate "2017.02.12"]
[WhiteTeam "Anglian Avengers 1"]
[BlackTeam "Barbican 4NCL 2"]

1. e4 e5 2. Nf3 Nc6 3. d4 exd4 4. Nxd4 Bb4+ 5. c3 Be7 6. Be3 Nxd4 7. cxd4 Nf6
8. Nc3 d5 9. e5 Ne4 10. Nxe4 dxe4 11. Bc4 O-O 12. O-O Kh8 13. f3 b5 14. Be2 Bb7
15. fxe4 Bxe4 16. Bf3 Qd5 17. Bxe4 Qxe4 18. Qb3 Rad8 19. Rf3 c5 20. Rf4 Qd5 21.
Qxd5 Rxd5 22. dxc5 Rxe5 23. Bd4 Bxc5 24. Bxc5 Rxc5 25. Raf1 f6 26. Rd1 Rc7 27.
Rb4 a6 28. Rbd4 h6 29. Rd6 Ra8 30. R1d2 Kh7 31. Kf2 Raa7 32. Kf3 Rc5 33. h3 a5
34. R6d5 Rac7 35. Kg3 Kg6 36. Kf3 Kf7 37. Rd7+ Ke6 38. R7d6+ Ke7 39. R6d5 g6
40. g4 b4 41. R5d4 h5 42. Re2+ Kf7 43. Red2 h4 44. Rd6 Rc2 45. Rd7+ Rxd7 46.
Rxd7+ Ke6 47. Ra7 Rxb2 48. Rxa5 Rh2 49. g5 fxg5 50. Rxg5 Rxh3+ 51. Kf4 Rg3 52.
Rb5 g5+ 53. Ke4 Rg4+ 54. Kf3 Rf4+ 55. Ke3 Kf6 56. a4 bxa3 57. Ra5 Rg4 58. Kf3
Rg3+ 59. Kf2 Ke6 60. Rb5 g4 61. Rb8 Rf3+ 62. Kg2 h3+ 63. Kh2 Rf2+ 64. Kg3 Rg2+
65. Kf4 a2 66. Re8+ Kd5 67. Ra8 h2 68. Rd8+ Kc4 69. Rc8+ Kb3 70. Rb8+ Kc2 71.
Rc8+ Kb1 72. Rb8+ Rb2 0-1